000 00304nam a22001097a 4500
008 140106b xxu||||| |||| 00| 0 eng d
010 _a2008044161
020 _a9781420079135
082 _23rd Ed
_a620.001MAI
_b002473
245 _aThe Art of Systems Architecting
_cMaier Mark W
260 _aUSA
_bCRC Press
_c2009
999 _c23766
_d23766